CONSTITUTION LAW OF INDIA (Record no. 9677)

MARC details
000 -LEADER
fixed length control field 00320nam a22001457a 4500
003 - CONTROL NUMBER IDENTIFIER
control field SGT
082 ## - DEWEY DECIMAL CLASSIFICATION NUMBER
Classification number 342.0954,PAN
100 ## - MAIN ENTRY--PERSONAL NAME
Personal name PANDEY,J.N
245 ## - TITLE STATEMENT
Title CONSTITUTION LAW OF INDIA
250 ## - EDITION STATEMENT
Edition statement 35TH
260 ## - PUBLICATION, DISTRIBUTION, ETC. (IMPRINT)
Place of publication, distribution, etc ALLAHABAD
Name of publisher, distributor, etc CENTRAL LAW HOUSE
Year of Publication 2000
300 ## - PAGE DESCRIPTION
No. of Pages 674
650 ## - SUBJECT ADDED ENTRY--TOPICAL TERM
Topical term or geographic name as entry element INDIAN CONSTITUTION
942 ## - ADDED ENTRY ELEMENTS (KOHA)
Source of classification or shelving scheme Dewey Decimal Classification
Koha item type Books
Holdings
Withdrawn status Lost status Source of classification or shelving scheme Damaged status Not for loan Collection code Home library Current library Shelving location Date acquired Vendor Name SGTU Full call number Accession No. (Barcode) Date last seen Bill Date Koha item type
    Dewey Decimal Classification   Not For Loan LAW SGT Science & Social Sciences Library SGT Science & Social Sciences Library Reference Book 27/07/2016 GIFT BY DR. DILIP SINGH SGTU 342.0954,PAN FL277 27/07/2016 27/07/2016 Books